| 000 | 00579nam a2200193 i 4500 | ||
|---|---|---|---|
| 001 | bgj | ||
| 100 | 1 | _aGAIRNS, Ruth | |
| 245 | 1 | 0 |
_aNatural English : _belementary : student's book / _cRuth Gairns and Stuart Redman. |
| 260 |
_aOxford : _bOxford University Press, _c2006. |
||
| 300 |
_a159 pp : _bill. ; _c28 cm. |
||
| 650 | 9 |
_aEnglish language _xTextbooks for foreigners _xElementary |
|
| 700 | 1 |
_aREDMAN, Stuart. _eco-author |
|
| 020 | _a0194388492 | ||
| 040 | _cBPK | ||
| 041 | 0 | _aeng | |
| 920 | _a0-19-438849-2 | ||
| 942 | _cKS | ||
| 008 | s uk f |000 0 eng | ||
| 999 |
_c49088 _d49088 |
||